书目信息 |
| 题名: |
北京老人
|
|
| 作者: | 易何 著 | |
| 分册: | ||
| 出版信息: | 兰州 敦煌文艺出版社 2020 |
|
| 页数: | 215页 | |
| 开本: | 19cm | |
| 丛书名: | 中国当代原创经典剧本文丛 | |
| 单 册: | ||
| 中图分类: | I235.1 | |
| 科图分类: | ||
| 主题词: | 电影剧本--作品集--中国--现代 | |
| 电子资源: | ||
| ISBN: | 978-7-5468-1836-8 | |
| 000 | 01190nam0 2200253 450 | |
| 001 | 2375222428 | |
| 005 | 20231012205355.06 | |
| 010 | @a978-7-5468-1836-8@dCNY36.00 | |
| 100 | @a20200606d2020 em y0chiy50 ea | |
| 101 | 0 | @achi |
| 102 | @aCN@b620000 | |
| 105 | @aa z 000by | |
| 200 | 1 | @a北京老人@Abei jing lao ren@dThe old man of Beijing@f易何著@zeng |
| 210 | @a兰州@c敦煌文艺出版社@d2020 | |
| 215 | @a215页@c彩照@d19cm | |
| 225 | 2 | @a中国当代原创经典剧本文丛 |
| 330 | @a本书由两个电影剧本构成。《北京老人》讲述了北京的一户普通市民家庭,儿女因工作原因常年旅居国外,家中仅剩两位老人共同生活。为排遣无聊时光,更为跟上时代节奏,两位老人学英语,学电脑,参加社区举办的老年模特比赛,发生了一连串令人啼笑皆非的故事;《朋友圈噩梦》讲述了90后女孩糖糖,一日突然在自己的朋友圈看见有人转发自己署名的婚礼请柬,感到非常奇怪。于是她带着自己的朋友阿发,在经过一连串调查后终于发现这其实是和另一位同名同姓的女孩间产生的误会,并于期间收获了自己的爱情。 | |
| 410 | 0 | @12001 @a中国当代原创经典剧本文丛 |
| 510 | 1 | @aOld man of Beijing@zeng |
| 606 | 0 | @a电影剧本@x作品集@y中国@z现代 |
| 690 | @aI235.1@v5 | |
| 701 | 0 | @a易何@Ayi he@4著 |
| 801 | 0 | @aCN@b91MARC@c20200612 |
| 905 | @aZUCC@dI235.1@e16 | |
| 北京老人=The old man of Beijing/易何著.-兰州:敦煌文艺出版社,2020 |
| 215页:彩照;19cm.-(中国当代原创经典剧本文丛) |
| ISBN 978-7-5468-1836-8:CNY36.00 |
| 本书由两个电影剧本构成。《北京老人》讲述了北京的一户普通市民家庭,儿女因工作原因常年旅居国外,家中仅剩两位老人共同生活。为排遣无聊时光,更为跟上时代节奏,两位老人学英语,学电脑,参加社区举办的老年模特比赛,发生了一连串令人啼笑皆非的故事;《朋友圈噩梦》讲述了90后女孩糖糖,一日突然在自己的朋友圈看见有人转发自己署名的婚礼请柬,感到非常奇怪。于是她带着自己的朋友阿发,在经过一连串调查后终于发现这其实是和另一位同名同姓的女孩间产生的误会,并于期间收获了自己的爱情。 |
| ● |
| 相关链接 |
|
|
|
正题名:北京老人
索取号:I235.1/16
 
预约/预借
| 序号 | 登录号 | 条形码 | 馆藏地/架位号 | 状态 | 备注 |
| 1 | 2001009307 | 2001009307 | 第四书库/四12架B面4层2列/ [索取号:I235.1/16] | 在馆 | |
| 2 | 2001009308 | 2001009308 | 第四书库/四12架B面4层2列/ [索取号:I235.1/16] | 在馆 | |
| 3 | 2001009309 | 2001009309 | 第四书库/四12架B面4层2列/ [索取号:I235.1/16] | 在馆 | |
| 4 | 2001009310 | 2001009310 | 第四书库/四12架B面4层2列/ [索取号:I235.1/16] | 在馆 | |
| 5 | 2001009311 | 2001009311 | 第四书库/四12架B面4层2列/ [索取号:I235.1/16] | 在馆 | |
| 6 | 2001009312 | 2001009312 | 第四书库/四12架B面4层2列/ [索取号:I235.1/16] | 在馆 |